Statistiques concernant 20 multiplications en 2 minutes

Cliquez ici pour prendre le quiz!

Statistiques générales

  • Ce quiz a été pris 177 fois
  • Le résultat moyen est 8 sur 20

Statistiques - réponses

OpérationsRésultats% Correct
14 x 342
87%
45 x 12540
82%
63 x 6378
71%
32 x 15480
61%
428 x 52140
60%
20 x 1503000
59%
9 x 74666
53%
4 x 92368
51%
123 x 404920
50%
36 x 8288
38%
101 x 10110201
36%
38 x 7266
30%
50 x 1678350
21%
637 x 117007
16%
69 x 986762
15%
13 x 42546
14%
37 x 21777
14%
45 x 16720
13%
78 x 191482
10%
27 x 37999
8%

Distribution des résultats

Percentile par nombre de réponses

% des personnes avec chaque résultat

Votre développement - résultats

Vous n’avez pas pris ce quiz